| 000 | 00658cam a22002292a 4500 | ||
|---|---|---|---|
| 001 | 008525 | ||
| 003 | AR-FADEU | ||
| 008 | 311216n1981####xxu####################dd | ||
| 020 | _a968-16-0792-9 | ||
| 092 |
_aD340.1 _bW853p |
||
| 100 | _aWolff, Robert Paul | ||
| 245 | _aPara comprender a Rawls : una reconstrucción y una crítica de teoriía de la Justicia | ||
| 260 | _aMéxico | ||
| 260 | _bFondo de Cultura Económica | ||
| 260 | _c1981 | ||
| 300 | _a204 p | ||
| 440 | _aObras de filosofía | ||
| 500 | _aIncluye bibliografía | ||
| 700 | _aMarcial, Suárez, tr. | ||
| 650 | _aDERECHO-TEORIA; RAWLS, JOHN; JUSTICIA-TEORIA | ||
| 942 | _cBDGR | ||
| 999 |
_c14329 _d14329 |
||